| 000 | 00522nam a2200193Ia 4500 | ||
|---|---|---|---|
| 005 | 20251020182532.0 | ||
| 008 | 200515s9999 xx 000 0 und d | ||
| 082 | _a711/C22 | ||
| 100 | _aCAMINOS, Horacio GOETHERT, Reinhard | ||
| 245 | 0 | _aUrbanization Primer for design of site and service projects | |
| 260 | _aWashington | ||
| 260 | _c1975 | ||
| 500 | _a1 ejemplar | ||
| 520 | _aTexto en inglés sobre proyectos de centros urbanos | ||
| 650 | _aLIB | ||
| 650 | _aPROYECTOS | ||
| 650 | _aURBANISMO | ||
| 942 | _cLIB | ||
| 999 |
_c2117 _d2117 |
||